00906cam a2200349 4500003000900000005001700009020001500026035002700041035001800068035001800086041000700104044000700111082001700118100002500135245009400160264004800254300002800302504002700330505006100357526001000418526001000428526001000438526001000448526000800458526000800466526000800474526000800482526000800490526000800498526000800506630004200514PE-LiUPU20250731172703.0 a0804200858 a(Sirsi) i9780804200851 a(Sirsi) 20751 a(Sirsi) 20751 aen aus04a222.106bM221 aMann, Thomas Wingate14aThe book of the tora :bthe narrative integrity of the pentateuch /cThomas Wingate Mann. 1aAtlanta, Georgia :bJohn knox press,c1988. a180 páginas ;c23 cm. aIncluye bibliografía0 aGenesis -- Exodus -- Leviticus -- Numbers -- Deuteronomy aSEG42 aSEG41 aSEG40 aSEG39 aP94 aP87 aP86 aP85 aP77 aP76 aP3504aBibliapA.T.pPentateucoxComentarios